LEADER 00930nam a2200229 i 4500 001 000000238941 003 CaOOAMICUS 005 20150217000000.0 008 150217s1945 it u000 u ita u 013 $a217846 040 $aSeMil$bita 100 1 $aPlehanov, Georgij Valentinovic.$0(OLS)http://semarc/name/81330 245 13$aLe questioni fondamentali del Marxismo /$cPlekhanov. 260 $aMilano :$bI.E.I.,$cstampa 1945. 300 $a187 p. ;$c22 cm. 490 0 $aBiblioteca di cultura sociale ;$v.[3] 650 4$aMarxismo - Saggi.$0(OLS)http://semarc/subject/5037 830 0$aBiblioteca di cultura sociale ;$v.[3].$0(OLS)http://semarc/title/18412 850 $aSeMil 852 $aSeMil$W1$xVenegono$y1$m3N II 101$j189287$B189287$CSeMilBibl$Z2$F200097 $81 996 $6245$aLe questioni fondamentali del Marxismo$9(OLS)http://semarc/title/340369 996 $6260$aMilano :$bI.E.I.$9(OLS)http://semarc/publisher/42769 LEADER 01402nam a2200217 i 4500 001 000000232763 003 CaOOAMICUS 005 20140905000000.0 008 140905s1698 it u000 u ita u 013 $a211666 026 $ai.us x-um a-s- adve (7) 1698 (Q) 040 $aSeMil$bita 245 10$aCriticorum sacrorum sive Annotatorum ad libros Propheticos Veteris Testamenti tomus quartus. 300 $a[4] p., 1020 col., [2] p., 440, 838 [i.e. 846] col., [1] p. :$bill. 500 $aTitolo dell'occhietto. - Segn. : pigreco2, A-3S4, 2A-2D4 2E2 a-2s4 2t6 2v-3f4 3g2. - Ripetute nella num. le col. 670-677. 773 0 $tCritici sacri: sive Annotata doctissimorum virorum in Vetus ac Novum Testamentum. Quibus accendunt tractatus varii theologico-philologici.$dAmstelaedami : excudunt Henricus & vidua Theodori Boom, Joannes & AEgidius Jansonii à Waesberge, Gerhardus Borstius, Abrahamus à Someren, Joannes Wolters; et Ultrajecti Guiljelmus van de Water, 1698.$bEditio nova in novem tomos distributa, multis anecdotis commentariis, ac indice ad totum opus locupletissimo, aucta$g4$w()30482 850 $aSeMil 852 $aSeMil$W1$xVenegono$y1$m2Y VI 49 FA$j183109$B183109$CSeMilBibl$Z2$F194117 $8I 941 1 $a10 961 $aRecupero: Mantegazza 996 $6245$aCriticorum sacrorum sive Annotatorum ad libros Propheticos Veteris Testamenti tomus quartus$9(OLS)http://semarc/title/332094